<?xml version="1.0" encoding="UTF-8"?>
<record
    xmlns:xsi="http://www.w3.org/2001/XMLSchema-instance"
    xsi:schemaLocation="http://www.loc.gov/MARC21/slim http://www.loc.gov/standards/marcxml/schema/MARC21slim.xsd"
    xmlns="http://www.loc.gov/MARC21/slim">

  <leader>01498nam a2200229 i 4500</leader>
  <controlfield tag="001">161969</controlfield>
  <controlfield tag="003">ES-MaACL</controlfield>
  <controlfield tag="005">20250812024134.0</controlfield>
  <controlfield tag="008">990701m18821914fr aef       |||| | fre d</controlfield>
  <datafield tag="040" ind1=" " ind2=" ">
    <subfield code="a">CCPB | B </subfield>
    <subfield code="b">spa </subfield>
    <subfield code="c">CCPB | B</subfield>
  </datafield>
  <datafield tag="100" ind1="1" ind2=" ">
    <subfield code="a">Perrot, Georges.</subfield>
    <subfield code="9">91375</subfield>
  </datafield>
  <datafield tag="245" ind1="1" ind2="0">
    <subfield code="a">Histoire de l'art dans la'antiquit&#xE9; </subfield>
    <subfield code="b">: &#xC9;gypte, Assyrie, Perse, Asie Mineure, Gr&#xE8;ce, &#xC9;trurie, Rome / </subfield>
    <subfield code="c">par Georges Perrot et Charles Chipiez.</subfield>
  </datafield>
  <datafield tag="260" ind1=" " ind2=" ">
    <subfield code="a">Paris : </subfield>
    <subfield code="b">Librairie Hachette et Cie, </subfield>
    <subfield code="c">1882-1914 (</subfield>
    <subfield code="f">Typographie Georges Chamerot)</subfield>
  </datafield>
  <datafield tag="300" ind1=" " ind2=" ">
    <subfield code="a">10 v. : </subfield>
    <subfield code="b">il. ; </subfield>
    <subfield code="c">28 cm.</subfield>
  </datafield>
  <datafield tag="505" ind1="8" ind2=" ">
    <subfield code="a">Contiene : t. 1&#xBA;. L'Egypte (LXXVI, 879 p., [13] h. de l&#xE1;m.)  -- t. II. Chald&#xE9;e et Assyrie (825 p., [16] h. de l&#xE1;m.)  -- t. III. Ph&#xE9;nicie-Cypre (921 p., [8] h. de l&#xE1;m.)  -- t. IV. Jud&#xE9;e, Sardaigne, Syrie, Cappadoce (833 p., [5] h. de l&#xE1;m., [2] h. de plan.)  -- t. V. Perse, Phrygie, Lydie et Carie, Lycie (928 p., [7] h. de l&#xE1;m., [2] h. pleg.)  -- t. VI. La Gr&#xE8;ce primitive : l'art myc&#xE9;nien (1030 p., [10] h. de l&#xE1;m., [8] h. pleg.)  -- t. VII. La Gr&#xE8;ce de l'Epop&#xE9;e, la Gr&#xE8;ce archa&#xEF;que (le Temple) (691 p., [9] h de l&#xE1;m.)  -- t. VIII. La Gr&#xE8;ce archa&#xEF;que : la sculpture (XV, 756 p., [14] h. de l&#xE1;m)</subfield>
  </datafield>
  <datafield tag="596" ind1=" " ind2=" ">
    <subfield code="a">Impresor del t. IX: Typographie 4Phillipe Renouard.</subfield>
  </datafield>
  <datafield tag="597" ind1=" " ind2=" ">
    <subfield code="a">Contiene tambi&#xE9;n l&#xE1;m. y plan.</subfield>
  </datafield>
  <datafield tag="650" ind1="0" ind2="4">
    <subfield code="a">Arte-</subfield>
    <subfield code="v">Historia</subfield>
    <subfield code="9">10107</subfield>
  </datafield>
  <datafield tag="700" ind1="1" ind2=" ">
    <subfield code="a">Chipiez, Charles.</subfield>
    <subfield code="9">168976</subfield>
  </datafield>
  <datafield tag="852" ind1=" " ind2=" ">
    <subfield code="a">ES-MaACL</subfield>
    <subfield code="j">B-12377-12386 </subfield>
    <subfield code="z">-- Enc. pasta espa&#xF1;ola</subfield>
  </datafield>
  <datafield tag="999" ind1=" " ind2=" ">
    <subfield code="c">161969</subfield>
    <subfield code="d">161969</subfield>
  </datafield>
  <datafield tag="952" ind1=" " ind2=" ">
    <subfield code="0">0</subfield>
    <subfield code="1">0</subfield>
    <subfield code="4">0</subfield>
    <subfield code="7">0</subfield>
    <subfield code="8">LIBXIX</subfield>
    <subfield code="a">ATENEOM</subfield>
    <subfield code="b">ATENEOM</subfield>
    <subfield code="c">SPB</subfield>
    <subfield code="d">2008-01-17</subfield>
    <subfield code="e">SSC</subfield>
    <subfield code="l">0</subfield>
    <subfield code="o">B-12377-12386</subfield>
    <subfield code="p">1169668</subfield>
    <subfield code="r">2023-02-23 00:00:00</subfield>
    <subfield code="w">2023-02-23</subfield>
    <subfield code="y">MONANT</subfield>
  </datafield>
</record>
